000 00591nam a2200157Ia 4500
008 210716s2016 xx 000 0 und d
020 _a9781786465634
041 _aeng
082 _a005.76812 SAND
100 _aSantos, Donabel.
245 _aTableau 10 business intelligence cookbook: create powerful effective visualizations to help analyze your data with tableau 10 by your side.
_bCreate powerful effective visualizations to help analyze your data with tableau 10 by your side.
250 _a1
260 _aMumbai
_bPackt Publishing Ltd
_c2016
300 _axi,452
650 _aNone
999 _c196765
_d196765